Online Catalogue and eLibrary

The sexual exploitation of children : (Record no. 2881)

MARC details
000 -LEADER
fixed length control field 00439nam a2200157Ia 4500
005 - DATE AND TIME OF LATEST TRANSACTION
control field 20240607000905.0
008 - FIXED-LENGTH DATA ELEMENTS--GENERAL INFORMATION
fixed length control field 240331s9999 xx 000 0 und d
082 ## - DDC Classification
Item Number - Author Mark SEX
Class No. 362
100 ## - MAIN ENTRY--PERSONAL NAME
Personal name SLAAS. ed
245 #4 - TITLE STATEMENT
Title The sexual exploitation of children :
Remainder of title some expert analyses
260 ## - PUBLICATION, DISTRIBUTION, ETC.
Place of publication, distribution, etc. Colombo
Name of publisher, distributor, etc. Sri Lanka Federation of University Women
Date of publication, distribution, etc. 1993
300 ## - PHYSICAL DESCRIPTION
Extent (e.g. Volumes, Pages etc.) 22 p.,
650 ## - SUBJECT ADDED ENTRY--TOPICAL TERM
Topical term or geographic name entry element Sexual Exploitation
650 ## - SUBJECT ADDED ENTRY--TOPICAL TERM
Topical term or geographic name entry element Children
942 ## - Koha item type (Biblio)
Koha item type Books in Stacks (Lending)
Holdings
Lost status Damaged status Collection code Home library Current library Shelving location Date acquired Full call number Accession Number Item type
    Lending WERC Library WERC Library Social Science Cupboard 03/31/2024 362.76 SEX 3110 Books in Stacks (Lending)

© WERC Library